「初カキコ…ども…」穴埋め - Statistics

General Stats
  • This quiz has been taken 398 times
  • The average score is 10 of 17
Answer Stats
Answer % Correct
ま、それが{普通}ですわな
90%
今日の{クラス}の会話
85%
{狂ってる}?
78%
尊敬する人間 {アドルフ・ヒトラー}
77%
あの{服}ほしい とか
75%
{グロ}見てる
73%
それ、{誉め言葉}ね。
67%
俺みたいな{中3}で
65%
あ~あ、{義務教育}の辛いとこね、これ
60%
なんつってる間に{4時}っすよ(笑)
60%
({虐殺行為}はNO)
60%
{死体}を見て、呟くんすわ
53%
{腐れ野郎}、他に、いますかっていねーか、はは
49%
かたや俺は{電子の砂漠}で
49%
好きな音楽 {eminem}
47%
{it’a true wolrd}.
37%
あの{流行りの曲}かっこいい とか
17%
No matching quizzes found
Score Distribution
Percent of People with Each Score
Percentile by Number Answered
Your Score History
You have not taken this quiz